|
|
|
|
| LEADER |
00000nam0a2200000 4500 |
| 001 |
683331 |
| 005 |
20260228105511.0 |
| 090 |
|
|
|a 683331
|
| 100 |
|
|
|a 20251121d1899 m||y0rusy50 ba
|
| 101 |
0 |
|
|a ger
|
| 102 |
|
|
|a DE
|
| 105 |
|
|
|a y j 001yy
|
| 181 |
|
0 |
|a i
|b e
|
| 182 |
|
0 |
|a n
|
| 183 |
|
0 |
|a nc
|2 RDAcarrier
|
| 200 |
1 |
|
|a Lehrbuch der Organischen Chemie für Srudierende an Universitäten und Technischen Hochschulen
|f A. F. Holleman
|d [Учебник органической химии для студентов университетов и технических вузов]
|z rus
|
| 203 |
|
|
|a Текст
|b визуальный
|c непосредственный
|
| 210 |
|
|
|a Leipzig
|c Verlag von Veit & Comp
|d 1899
|
| 215 |
|
|
|a VII, 452 S.
|
| 283 |
|
|
|a volume
|2 RDAcarrier
|
| 300 |
|
|
|a В описании используется грамматика 19 века
|
| 300 |
|
|
|a Раздельная пагинация страниц
|
| 316 |
|
|
|5 63413507: 10520
|a На титульном листе владельческий штамп "Библиотека Сибирского Технологического Института"
|
| 316 |
|
|
|5 63413507: 10520
|a На авантитуле надпись: "12 Jan. 99 Zürich"
|
| 317 |
|
|
|5 63413507: 10520
|a Поступил в НТБ в 1910 г. в составе книжного собрания профессора ТТИ А. Э. Сабека
|
| 320 |
|
|
|a Register: S. 443-452
|
| 517 |
|
|
|a Lehrbuch der Organischen Chemie für Srudierende an Universitäten und Technischen Hochschulen
|z ger
|
| 541 |
|
|
|a Учебник органической химии для студентов университетов и технических вузов
|z rus
|
| 606 |
|
|
|a Органическая химия
|9 66362
|
| 610 |
1 |
|
|a основные задачи
|
| 610 |
1 |
|
|a химические соединения
|
| 610 |
1 |
|
|a органические соединения
|
| 610 |
1 |
|
|a углерод
|
| 610 |
1 |
|
|a количественный анализ
|
| 610 |
1 |
|
|a качественный анализ
|
| 610 |
1 |
|
|a методы
|
| 610 |
1 |
|
|a кислоты
|
| 610 |
1 |
|
|a ароматические соединения
|
| 610 |
1 |
|
|a немецкий язык
|
| 610 |
1 |
|
|a учебники
|
| 610 |
1 |
|
|a Коллекция А. Э. Сабека
|
| 675 |
|
|
|a 547
|v 4
|
| 700 |
|
1 |
|a Holleman
|b A. F.
|
| 801 |
|
0 |
|a RU
|b 63413507
|c 20251121
|
| 830 |
|
|
|a Ретро2025Каталогизация Кузнецова (РФ)
|
| 850 |
|
|
|a 63413507
|
| 942 |
|
|
|c BK
|